Longest Self-Given Country Names - Statistics

General Stats
  • This quiz has been taken 16 times
  • The average score is 5 of 10
Answer Stats
Rank Letters Common Name Answer % Correct
1 45 Great Britain/United Kingdom The United Kingdom of Great Britain and Northern Ireland
100%
8 32 North Korea Democratic People's Republic of Korea
86%
3 37 Sri Lanka Democratic Socialist Republic of Sri Lanka
50%
3 37 St. Kitts and Nevis Federation of Saint Christopher and Nevis
50%
5 35 São Tomé and Príncipe Democratic Republic of São Tomé and Príncipe
43%
8 32 Nepal Federal Democratic Republic of Nepal
43%
5 35 Ethiopia Federal Democratic Republic of Ethiopia
29%
7 34 Algeria People's Democratic Republic of Algeria
29%
2 41 Kiribati Independent and Sovereign Republic of Kiribati
14%
8 32 Papau New Guinea Independent State of Papua New Guinea
14%
No matching quizzes found
Score Distribution
Percent of People with Each Score
Percentile by Number Answered
Your Score History
You have not taken this quiz